000 01338cam a2200325 i 4500
999 _c126376
_d126376
001 18782297
003 ARRUPE
005 20170411090456.0
008 150914s2016 enk b 001 0 eng
010 _a 2015035839
020 _a9780415821865 (hardback : alk. paper)
020 _a9780415821872 (pbk. : alk. paper)
020 _z9781315651187 (e-book)
040 _aDLC
_beng
_cDLC
_erda
_dDLC
042 _apcc
050 0 0 _aBC199.I5
_bA539 2016
082 0 0 _a160
_223
100 1 _aWiseman, Rachael,
_eauthor.
_929741
245 1 0 _aRoutledge philosophy guidebook to Anscombe's Intention /
_cRachael Wiseman.
260 _aLondon
_bRoutledge
_c2016
300 _axii, 204 pages ;
_c21 cm.
490 0 _aRoutledge philosophy guidebooks
504 _aIncludes bibliographical references (pages 194-200) and index.
600 1 0 _aAnscombe, G. E. M.
_q(Gertrude Elizabeth Margaret).
_tIntention.
_929742
650 0 _aIntention (Logic)
_912409
906 _a7
_bcbc
_corignew
_d1
_eecip
_f20
_gy-gencatlg
942 _2lcc
_cMONOGRAPH